|
|
|
|
| LEADER |
01877nam a2200301 a 4500 |
| 001 |
GR-MES16141 |
| 008 |
140109s1999 gr g b 001 0 gre d |
| 020 |
|
|
|a 9603512893
|
| 040 |
|
|
|a GrPaTEI
|b gre
|c GR-PaULI
|
| 040 |
|
|
|a GrPaTEI
|b gre
|c GR-PaULI
|
| 082 |
|
0 |
|a 658.1
|2 22
|
| 100 |
1 |
|
|a Θεοδωράτος, Ευάγγελος Φ.
|
| 245 |
1 |
0 |
|a Οργάνωση και διοίκηση επιχειρήσεων Ι /
|c Ευάγγελος Φ. Θεοδωράτος.
|
| 260 |
|
|
|a Αθήνα :
|b Αθ.Σταμούλης,
|c 1999
|
| 300 |
|
|
|a 309 σ. :
|b πιν.,σχημ.,
|
| 500 |
|
|
|a σύστημα εύδοξος αρ εισ. 26533,27059,27060
|
| 504 |
|
|
|a βιβλιογραφία 304-309 σ.,ευρετήριο
|
| 610 |
|
4 |
|a Σύστημα ΕΥΔΟΞΟΣ
|
| 650 |
|
4 |
|a Επιχειρήσεις
|x Διοίκηση και οργάνωση
|
| 650 |
|
4 |
|a Οργάνωση
|x Διοίκηση
|
| 710 |
0 |
|
|a Σταμούλης.
|b Αθ
|
| 942 |
|
|
|2 ddc
|
| 952 |
|
|
|0 0
|1 0
|2 ddc
|4 0
|6 658_100000000000000_ΘΕΟ
|7 0
|9 274094
|a MSLG
|b MSLG
|c EUD
|d 2021-01-17
|e 24
|f 0
|g 0.00
|i 27059
|l 0
|o 658.1 ΘΕΟ
|p 2420000027059
|r 2021-01-17 00:00:00
|t 2
|w 2021-01-17
|y BK15
|x 20140211 0 Κ.Γ. 1
|x GrPaTEI
|
| 952 |
|
|
|0 0
|1 0
|2 ddc
|4 0
|6 658_100000000000000_ΘΕΟ
|7 0
|9 274095
|a MSLG
|b MSLG
|c EUD
|d 2021-01-17
|e 24
|f 0
|g 0.00
|i 27060
|l 0
|o 658.1 ΘΕΟ
|p 2420000027060
|r 2021-01-17 00:00:00
|t 3
|w 2021-01-17
|y BK15
|x 20140211 0 Κ.Γ. 1
|x GrPaTEI
|
| 952 |
|
|
|0 0
|1 0
|2 ddc
|4 0
|6 658_100000000000000_ΘΕΟ
|7 0
|9 274096
|a MSLG
|b MSLG
|c EUD
|d 2021-01-17
|e 24
|f 0
|g 0.00
|i 29381
|l 0
|o 658.1 ΘΕΟ
|p 99242000029381
|r 2021-01-17 00:00:00
|t 4
|w 2021-01-17
|y BK15
|x GrPaTEI
|
| 952 |
|
|
|0 0
|1 0
|2 ddc
|4 0
|6 658_100000000000000_ΘΕΟ
|7 0
|9 274097
|a MSLG
|b MSLG
|c EUD
|d 2021-01-17
|e 24
|f 0
|g 0.00
|i 26533
|l 0
|o 658.1 ΘΕΟ
|p 2420000026533
|r 2021-01-17 00:00:00
|t 1
|v 2021.00
|w 2021-01-17
|y BK15
|x 20140109 0 Κ.Γ. 1
|x GrPaTEI
|
| 971 |
|
|
|a .b25821908
|b 01-10-20
|c 13-09-16
|
| 999 |
|
|
|c 158600
|d 158600
|